Портрет А. (Запись № 1437494)

Подробности
000 -МАРКЕР
контрольное поле 01562nam0a2200301 4500
001 - ИДЕНТИФИКАТОР ЗАПИСИ
контрольное поле RU\NLR\bibl\552972
005 - ИДЕНТИФИКАТОР ВЕРСИИ
контрольное поле 20250609160946.0
010 ## - МЕЖДУНАРОДНЫЙ СТАНДАРТНЫЙ НОМЕР КНИГИ (ISBN)
Номер (ISBN) 5-89091-229-1
Тираж 3000
021 ## - НОМЕР ГОСУДАРСТВЕННОЙ РЕГИСТРАЦИИ
Код страны Российская Федерация
Номер 2004-44847
Номер Листа государственной регистраци 2227
035 ## - ДРУГИЕ СИСТЕМНЫЕ НОМЕРА
Идентификатор записи (NLR Aleph) 000545135
100 ## - ДАННЫЕ ОБЩЕЙ ОБРАБОТКИ
Данные общей обработки 20040915d2004 |||y0rusy50 ca
101 1# - ЯЗЫК РЕСУРСА
Язык текста, звукозаписи и т.д. русский
Язык оригинала французский
102 ## - СТРАНА ПУБЛИКАЦИИ ИЛИ ПРОИЗВОДСТВА
Страна публикации Российская Федерация
105 ## - ПОЛЕ КОДИРОВАННЫХ ДАННЫХ: ТЕКСТОВЫЕ МАТЕРИАЛЫ, МОНОГРАФИЧЕСКИЕ
Кодированные данные о монографическом текстовом документе a |||||||||
200 1# - ЗАГЛАВИЕ И СВЕДЕНИЯ ОБ ОТВЕТСТВЕННОСТИ
Основное заглавие Портрет А.
Сведения, относящиеся к заглавию [Избр. произведения
-- Пер. с фр.]
Первые сведения об ответственности Анри Мишо
Последующие сведения об ответственности [Послесл. и примеч. Алины Поповой
-- Худож. Михаил Занько]
210 ## - ПУБЛИКАЦИЯ, РАСПРОСТРАНЕНИЕ И ДР.
Место издания, распространения и т.д. СПб.
Имя издателя, распространителя и т. д. Симпозиум
Дата издания, распространения и т.д. 2004
215 ## - ФИЗИЧЕСКАЯ ХАРАКТЕРИСТИКА
Специфическое обозначение материала и объем 443, [5] с.
Другие сведения о физической характеристике ил.
Размеры 21
225 1# - СЕРИЯ
Основное заглавие серии Ex Libris
327 0# - ПРИМЕЧАНИЯ О СОДЕРЖАНИИ
Текст примечания Содерж.: Разделы: Из книги "Басни о происхождении"; Из книги "Кто я был"; Из книги "Эквадор"; Из сборника "Мои владения"; Из книги "Дикарь в Азии"; Из сборника "Внутренние дали; Перо"; Скоро ты станешь отцом; Из сборника "Испытания, заклинания: 1940-1944"; Из сборника "Жизнь в складках"; Из сборника "Пассажи: 1937-1963" и др.
686 ## - ИНДЕКСЫ ДРУГИХ КЛАССИФИКАЦИЙ
Индекс Ш6(4Фр)67я44{Лх1648-40}
700 #1 - ИМЯ ЛИЦА - ПЕРВИЧНАЯ ОТВЕТСТВЕННОСТЬ
Код отношения Автор
Графика поля Кириллица
Материалы, к которым относится поле rus
Начальный элемент ввода Мишо
Часть имени, кроме начального элемента ввода А.
Даты 1899-1984
Расширение инициалов личного имени Анри
Системный номер авторитетной/нормативной записи 246619
Идентификатор авторитетной/нормативной записи RU\NLR\AUTH\770246675
801 #0 - ИСТОЧНИК ЗАПИСИ
Страна Российская Федерация
Организация NLR
Дата составления 20040915
Правила каталогизации PSBO
801 #1 - ИСТОЧНИК ЗАПИСИ
Страна Российская Федерация
Организация NLR
Дата составления 20040915
942 ## - ДОПОЛНИТЕЛЬНЫЕ ЭЛЕМЕНТЫ ЗАПИСИ (АБИС)
Тип экземпляра АБИС Книга
980 ## - КОЛЛЕКЦИЯ
Название коллекции Национальная библиография
Экземпляры
Тип экземпляра Дата поступления Источник поступления Стоимость Библиотека постоянного хранения Библиотека текущего хранения Место хранения Шифр хранения Штрих-код Статус экземпляра
Книга 15.09.2004 Покупка 178.00 РНБ (Московский) РНБ (Московский) Русский книжный фонд: издания с 1957 года 2004-3/14578 751770  
Книга 21.09.2004 Покупка 178.00 РНБ (Московский) РНБ (Московский) Фонд общего зала литературы по филологии, педагогике и искусству (гуманитарной литературы) Л1 Ш6(4Фр)/М-715 1-367602  
Книга 01.06.2005 Обязательный экземпляр   РНБ (Московский) РНБ (Московский) Русский книжный фонд: издания с 1957 года 2004-3/14578 1-3834110  
Книга 15.09.2004 Обязательный экземпляр   РНБ (Садовая) РНБ (Садовая) Фонд Абонемента (Садовая) Аб Ш6(4Фр)/М-71 751771  
Книга 21.09.2004 Покупка 178.00 РНБ (Садовая) РНБ (Садовая) Фонд научного зала литературы и искусства Л2 Ш6(4Фр)/М-715 1-218739